New or little-known Colombian birds (Registro nro. 12396)

Detalles MARC
000 -CABECERA
Campo de control 006750000a22002290004500
090 ## - CLASIFICACIÓN LOCAL
Colección AR
Consecutivo 03345
041 0# - IDIOMA
Código de idioma para texto/pista de sonido o título separado
100 1# - ASIENTO PRINCIPAL--NOMBRE PERSONAL
Nombre personal Meyer de Schauensee, Rodolphe
245 10 - MENCION DE TITULO
Título New or little-known Colombian birds
500 ## - NOTA GENERAL
Nota general <Colección Aves>
650 14 - ASIENTO SECUNDARIO DE MATERIA - TERMINO TEMATICO
Término temático o nombre geográfico como elemento de entrada Ornitología
650 14 - ASIENTO SECUNDARIO DE MATERIA - TERMINO TEMATICO
Término temático o nombre geográfico como elemento de entrada Aves
650 14 - ASIENTO SECUNDARIO DE MATERIA - TERMINO TEMATICO
Término temático o nombre geográfico como elemento de entrada Colecciones biológicas
650 14 - ASIENTO SECUNDARIO DE MATERIA - TERMINO TEMATICO
Término temático o nombre geográfico como elemento de entrada Especies raras
650 14 - ASIENTO SECUNDARIO DE MATERIA - TERMINO TEMATICO
Término temático o nombre geográfico como elemento de entrada Morfología
651 #4 - ASIENTO SECUNDARIO DE MATERIA - NOMBRE GEOGRAFICO
-- Colombia
653 ## - TERMINO DE INDIZACION - NO CONTROLADO
-- Zodalia
653 ## - TERMINO DE INDIZACION - NO CONTROLADO
-- Neolesbia
653 ## - TERMINO DE INDIZACION - NO CONTROLADO
-- Trogon
-- Trogon personatus
773 1# - Item fuente:
Título Proceedings of the Academy of Natural Sciences Philadelphia
Especificación de materiales 123
Paginas del Articulo 107-125
Lugar, editorial y fecha de publicación 1947
Información sobre la relación 99
942 ## - ELEMENTOS ADICIONALES (KOHA)
Tipo de ítem Artículo
Existencias
Withdrawn status Lost status Damaged status No para préstamo Colección Ubicación Permanente Ubicación actual Fecha de adquisición Datos de publicación Seriada Total Checkouts Número topográfico Inventario / Código de Barras Date last seen Ejemplar Price effective from Forma de adquisición Tipo de material
      No para Préstamo Hemeroteca Bogotá Bogotá 27/02/2015 Fuera de circulación   AR 03345 013651 25/03/2015 1 25/03/2015   Artículo